000 00199 a2200097 4500
020 _a9780771046544
041 _aeng
100 _aMichele Landsberg
245 _aThis is new york honey
942 _cBK
999 _c13806
_d13806